Movie actors from TV shows - Statistics

General Stats
  • This quiz has been taken 119 times
    109 since last reset
  • The average score is 6 of 16
Answer Stats
Hint Answer % Correct
The Fresh Prince of Bel-Air Will Smith
99%
Friends Jennifer Aniston
85%
ER George Clooney
74%
Family Ties Michael J Fox
55%
21 Jump Street Johnny Depp
54%
Moonlighting Bruce Willis
45%
Star Trek: The Next Generation Patrick Stewart
35%
Remington Steele Pierce Brosnan
35%
Growing pains Leonardo Dicaprio
31%
Freaks and Geeks #1 James Franco
24%
7th Heaven Jessica Biel
20%
3rd rock from the sun Joseph Gordon-Levitt
18%
Ally McBeal Lucy Liu
15%
Freaks and Geeks #2 Seth Rogen
15%
Cheers Kelsey Grammer
14%
Beverly Hills 90210 Hilary Swank
1%
No matching quizzes found
Score Distribution
Percent of People with Each Score
Percentile by Number Answered
Your Score History
You have not taken this quiz since the last reset